000 00458cam a2200181ua 4500
020 _c35.00
041 _aeng
_h
082 _a532.05
_bCHO/TE
100 _aCharlton, Frank .
245 _aText book of fluid dynamics /
_cFrank Charlton.
_hTextual Documents
250 _a1 /
_b.
260 _aNew Delhi :
_bC B S Publishers & Distributers ,
_c1985.
300 _a399 ; .
365 _a35.00
504 _a
942 _cBK
999 _c7388
_d7388